Musical Acts by State - Mississippi - Statistics

General Stats
  • This quiz has been taken 75 times
  • The average score is 6 of 30
Answer Stats
City/Town Songs Answer % Correct
Tupelo Can't Help Falling In Love | Jailhouse Rock Elvis Presley
94%
Escatawpa Kryptonite | Here Without You 3 Doors Down
70%
Tremont Stand By Your Man | D-I-V-O-R-C-E Tammy Wynette
63%
Ridgeland This Kiss | Breathe Faith Hill
50%
Berclair The Thrill Is Gone | Rock Me Baby B.B. King
48%
Rolling Fork Mannish Boy | Hoochie Coochie Man Muddy Waters
28%
Hazlehurst Cross Road Blues | Sweet Home Chicago Robert Johnson
28%
Meridian I Go Crazy | Cool Night Paul Davis
24%
Tutwiler Boom Boom | One Bourbon, One Scotch, One Beer John Lee Hooker
22%
Woodland Ode To Billie Joe | Fancy Bobbie Gentry
17%
Sledge Kiss An Angel Good Mornin' | Is Anybody Goin' To San Antone Charley Pride
17%
Richland Dust My Broom | The Sky Is Crying Elmore James
17%
White Station Smokestack Lightnin' | How Many More Years Howlin' Wolf
17%
Greenwood The Shoop Shoop Song (It's In His Kiss) | Let It Be Me Betty Everett
11%
Meridian Show And Tell | The Snake Al Wilson
9%
Poplarville You Can Have Him Jolene | The Girls Are Back In Town Chapel Hart
9%
Collinsville What Becomes Of The Brokenhearted | Hold On (To My Love) Jimmy Ruffin
7%
Corinth Addicted | 18 Days Saving Abel
7%
Edwards Down The Dirt Road Blues | A Spoonful Blues Charley Patton
4%
Brookhaven Get Like Me | Play David Banner
4%
Jackson Misty Blue | I Believe You Dorothy Moore
4%
Dunleith Baby What You Want Me to Do | Big Boss Man Jimmy Reed
4%
Philadelphia I Can't Quit You Baby | Double Trouble Otis Rush
4%
Lake How Country Feels | Runnin' Outta Moonlight Randy Houser
4%
Teoc Coffee Blues | You Got To Walk That Lonesome Valley Mississippi John Hurt
2%
Vicksburg I Met A Girl | Vinyl William Michael Morgan
2%
Meridian Country Sh*t | Mt. Olympus Big K.R.I.T.
0%
Natchez Shine | Alabama Bishop Gunn
0%
Glendora Bye Bye Bird | Don't Start Me To Talkin' Sonny Boy Williamson II
0%
Biloxi Sorry You're Sick | There Stands The Glass Ted Hawkins
0%
No matching quizzes found
Score Distribution
Percent of People with Each Score
Percentile by Number Answered
Your Score History
You have not taken this quiz